Lloras REMIX - Cauty, Lenny Tavárez, Jay Wheeler, Noriel, Alex Rose - Estadísticas

Estadísticas generales
  • Esta prueba ha sido intentada 38 veces
  • La puntuación promedio es 203 de 467
Estadísticas de respuestas
Letra % Correcto
a
80%
A
80%
él
80%
El
80%
Él
80%
el
80%
la
80%
La
80%
llora
80%
que
80%
qué
80%
Que
80%
¿qué
80%
con
60%
es
60%
Es
60%
Le
60%
lloras
60%
lo
60%
Lo
60%
lo'
60%
Lo'
60%
má'
60%
no
60%
No
60%
o
60%
pa'
60%
Por
60%
por
60%
60%
se
60%
Si
60%
si
60%
sin
60%
su
60%
su'
60%
ti
60%
60%
tu
60%
60%
un
60%
una
60%
Y
60%
y
60%
Yo
60%
yo
60%
amargó
40%
amor
40%
arriba
40%
bebé
40%
boten
40%
cabrón
40%
calle
40%
carretera
40%
comiendo?
40%
Como
40%
corazón
40%
corra
40%
culpable
40%
da
40%
Dame
40%
de
40%
día
40%
discoteca
40%
en
40%
eres
40%
ese
40%
Ese
40%
Está
40%
está'
40%
estás
40%
fila
40%
ha
40%
Hace
40%
haciendo
40%
hoy
40%
llamen
40%
llorar
40%
los
40%
magia
40%
mano
40%
mi
40%
mierda
40%
ni
40%
número
40%
olvida
40%
Olvídalo
40%
pendejo
40%
perdida
40%
Pero
40%
porque
40%
Porque
40%
quien
40%
romper
40%
Sal
40%
sal
40%
sanar
40%
sigue'
40%
sola
40%
soltera
40%
Soltera
40%
sufriendo
40%
sufrir
40%
te
40%
Te
40%
tiempo
40%
tiene
40%
tiene'
40%
tipo
40%
uno
40%
va
40%
veía
40%
vi
40%
vida
40%
vuelve
40%
acompañá'
20%
adiós
20%
Ahora
20%
ahora
20%
alguien
20%
Allá
20%
Amanda
20%
Anda
20%
así
20%
Así
20%
aún
20%
aunque
20%
autoestima
20%
baby
20%
Baby
20%
banda
20%
beber
20%
bonita
20%
bye
20%
cama
20%
cambiar
20%
cartera
20%
conocerte
20%
controla
20%
controle
20%
copa
20%
cualquiera
20%
dejarte
20%
deje'
20%
deje
20%
deseándote
20%
dijo
20%
Dile
20%
Dios
20%
diste
20%
doler
20%
drogándose
20%
duele
20%
Echa
20%
entender
20%
espérandote
20%
estar
20%
exótico'
20%
fallaste
20%
falló
20%
fuera
20%
good
20%
Gracias
20%
Grítale
20%
gustan
20%
habla
20%
Hay
20%
hay
20%
infeliz
20%
ir
20%
joda
20%
Lleva
20%
logre'
20%
lollipop
20%
mal
20%
mala
20%
manda
20%
Mejor
20%
mejor
20%
meno'
20%
menos
20%
mensajito'
20%
muchas
20%
nada
20%
Nunca
20%
oficial
20%
otra
20%
pagan
20%
pasado
20%
Pásale
20%
pensando
20%
Pensando
20%
pensar
20%
pensarte
20%
perdió
20%
ponte
20%
Probablemente
20%
puede
20%
puede'
20%
pues
20%
quedaste
20%
quédate
20%
Quédate
20%
quiero
20%
reclame
20%
recuperar
20%
sabe
20%
sabe'
20%
sácala
20%
sea
20%
semana
20%
semanas
20%
Sensual
20%
Siempre
20%
sientas
20%
siente
20%
soy
20%
sube
20%
Suéltate
20%
suerte
20%
suficiente
20%
telefónico
20%
ten
20%
tenerte
20%
textearte
20%
tirada
20%
Tito
20%
to'
20%
toca
20%
todavía
20%
todo
20%
tonta
20%
Tranquila
20%
truco'
20%
único
20%
vacila
20%
vibra
20%
vive
20%
Ya
20%
ya
20%
bobo
0%
dale
0%
difamen
0%
grande
0%
olvídate
0%
polvo'
0%
No se encontraron pruebas coincidentes
Distribución de puntuación
Porcentaje de gente con cada puntuación
Porcentaje por número respondido
Historial de tus puntuaciones
No has intentado esta prueba.